000 00492nam a2200205Ia 4500
005 20240823032506.0
008 240823s9999||||xx |||||||||||||| ||und||
020 _a978-81-920301-0-4
041 _aENGLISH
082 _A629.2 Q1
100 _aVijayaraghavan G K
245 0 _aAutomobile Engineering
250 _a6th
260 _c2011
_bARS Publica
500 _aYES
650 _aAutomobile
_bAutomobile Engineering
700 _a Sundaravalli R
942 _cBK
999 _c193566
_d193566